Acerca de los diagnósticos regionales en América Latina /

Guardado en:
Bibliografiske detaljer
Hovedforfatter: Castillo, Manuel Angel
Autores Corporativos: Centro de Estudios Urbano y Regionales, CEUR
Format: Texto
Udgivet: Guatemala: CEUR
Tags: Tilføj Tag
Ingen Tags, Vær først til at tagge denne postø!

MARC

LEADER 00000 a a2200000 04500
001 21649
003
040
090 |a 096400  
100 |a Castillo, Manuel Angel  
110 |a Centro de Estudios Urbano y Regionales  
245 |a Acerca de los diagnósticos regionales en América Latina /  |c Centro de Estudios Urbano y Regionales  
260 |a Guatemala:   |b CEUR  
300 |a 40 p  
710 |a CEUR  
999 |c 11663  |d 11663